How to win friends & influence people / (Record no. 9582)

MARC details
000 -LEADER
fixed length control field 01968nam a22002537a 4500
001 - CONTROL NUMBER
control field 9582
003 - CONTROL NUMBER IDENTIFIER
control field FISKH
005 - DATE AND TIME OF LATEST TRANSACTION
control field 20260318145416.0
008 - FIXED-LENGTH DATA ELEMENTS--GENERAL INFORMATION
fixed length control field 260123b cb ||||| |||| 00| 0 eng d
020 ## - INTERNATIONAL STANDARD BOOK NUMBER
International Standard Book Number 9780091906351
040 ## - CATALOGING SOURCE
Original cataloging agency FISKH
Language of cataloging eng
Transcribing agency FISKH
Modifying agency FISKH
050 ## - LIBRARY OF CONGRESS CALL NUMBER
Classification number BF637 .S8 .C37
082 ## - DEWEY DECIMAL CLASSIFICATION NUMBER
Classification number 158.1
100 ## - MAIN ENTRY--PERSONAL NAME
Personal name Carnegie , Dale
245 ## - TITLE STATEMENT
Title How to win friends & influence people /
Statement of responsibility, etc. By Dale Carnegie : Ediorial Assistance : Authur R. Pell , Ph.D. , Editorial Consultant Dorothy Carnegie
260 ## - PUBLICATION, DISTRIBUTION, ETC.
Place of publication, distribution, etc. London :
Name of publisher, distributor, etc. Vermilion ,
Date of publication, distribution, etc. 1936 .
300 ## - PHYSICAL DESCRIPTION
Extent 275 pages :
Other physical details illustrations ;
Dimensions 18 cm .
520 ## - SUMMARY, ETC.
Summary, etc. Business. Psychology. Nonfiction. Self Help. HTML:Updated for today's readers, Dale Carnegie's timeless bestseller How to Win Friends and Influence People is a classic that has improved and transformed the professional and personal and lives of millions.<br/>One of the best-known motivational guides in history, Dale Carnegie's groundbreaking book has sold tens of millions of copies, been translated into almost every known language, and has helped countless people succeed.<br/><br/>Originally published during the depths of the Great Depression�and equally valuable during booming economies or hard times—Carnegie's rock-solid, time-tested advice has carried countless people up the ladder of success in their professional and personal lives.<br/><br/>How to Win Friends and Influence People teaches you:<br/><br/>-How to communicate effectively<br/>-How to make people like you<br/>-How to increase your ability to get things done<br/>-How to get others to see your side<br/>-How to become a more effective leader<br/>-How to successfully navigate almost any social situation<br/>-And so much more!<br/><br/>Achieve your maximum potential with this updated version of a classic—a must-read for the 21st century.
650 ## - SUBJECT ADDED ENTRY--TOPICAL TERM
Topical term or geographic name entry element Communication
Form subdivision Non-fiction
650 ## - SUBJECT ADDED ENTRY--TOPICAL TERM
Topical term or geographic name entry element Relationships
Form subdivision Non-fiction
700 ## - ADDED ENTRY--PERSONAL NAME
Personal name Carnegie , Dororthy
Dates associated with a name Editor
942 ## - ADDED ENTRY ELEMENTS (KOHA)
Source of classification or shelving scheme Dewey Decimal Classification
Koha item type Books
Suppress in OPAC No
Holdings
Withdrawn status Lost status Source of classification or shelving scheme Damaged status Not for loan Collection Home library Current library Shelving location Date acquired Total Checkouts Full call number Barcode Date last seen Date last checked out Price effective from Koha item type
    Dewey Decimal Classification     Non-Fiction Footprints International School Library Network Toul Tom Poung Campus Footprints International School Library Network Toul Tom Poung Campus TTP Secondary Non-Fiction Bookshelves 01/23/2026 1 CAR 158.1 BF637 .S8 .C37 2026-0099 02/27/2026 02/25/2026 01/23/2026 Books